000 00339pab a2200145 454500
008 180718b1983 xxu||||| |||| 00| 0 eng d
100 _aNoorani, A.G.
245 _aCurbing AIR's partisanship
260 _c1983
300 _a6
362 _a31 Jan.
650 _aRadio Braodcasting - India
773 _aIndian Express
909 _a17011
999 _c17011
_d17011